Dimensions of Tribal Education in Orissa/ (Record no. 196660)
[ view plain ]
| 000 -LEADER | |
|---|---|
| fixed length control field | 00717nam a2200217 4500 |
| 005 - DATE AND TIME OF LATEST TRANSACTION | |
| control field | 20230720112129.0 |
| 010 ## - LCCN (DPL NO) | |
| LC control number | ENG-137484 |
| 020 ## - INTERNATIONAL STANDARD BOOK NUMBER | |
| Terms of availability | 125.00 |
| International Standard Book Number | 9789380705088 |
| 035 ## - SYSTEM CONTROL NUMBER | |
| System control number | EN-121016 |
| 037 ## - SOURCE OF ACQUISITION | |
| Source of stock number/acquisition | DBAD/PUB |
| 082 ## - DEWEY DECIMAL CLASSIFICATION NUMBER | |
| Classification number | 370.954541 |
| 100 ## - MAIN ENTRY--PERSONAL NAME | |
| Personal name | Ota, A.B. |
| 245 ## - TITLE STATEMENT | |
| Title | Dimensions of Tribal Education in Orissa/ |
| Statement of responsibility, etc | edited by. A.B. ota, F.Bara [and] K.Patnaik |
| 250 ## - EDITION STATEMENT | |
| Edition statement | September,2010 |
| 260 ## - PUBLICATION, DISTRIBUTION, ETC. (IMPRINT) | |
| Place of publication, distribution, etc | Bhubaneswar |
| Name of publisher, distributor, etc | Print-tech offset Pvt. Ltd. |
| 270 ## - ADDRESS | |
| Address | Scheduled castes and scheduled tribes Reserch & Training institute Govt. of Orissa |
| City | Bhubaneswar |
| Postal code | 751003 |
| 300 ## - PHYSICAL DESCRIPTION | |
| Extent | vii;200p. |
| Dimensions | 23cm(hb) |
| 700 ## - ADDED ENTRY--PERSONAL NAME | |
| Personal name | Bara, F. |
| 700 ## - ADDED ENTRY--PERSONAL NAME | |
| Personal name | Patnaik, K. |
| 942 ## - ADDED ENTRY ELEMENTS (KOHA) | |
| Source of classification or shelving scheme | Dewey Decimal Classification |
| Item type | English Books |
| Classification part | 370.954541 |
| Call number suffix | OTA |
| Withdrawn status | Lost status | Not for loan | Collection code | Home library | Current library | Date acquired | Source of acquisition | Cost, normal purchase price | Full call number | Barcode | Copy number | Cost, replacement price | Koha item type |
|---|---|---|---|---|---|---|---|---|---|---|---|---|---|
| Non-fiction | Bawana | Bawana | 20/07/2023 | DBAD | 125.00 | 370.954541 OTA | EN-121016 | 1 | 125.00 | English Books |
